Calculista de estructuras de hormigón armado, hierro y madera (Record no. 72983)
[ view plain ]
| 000 -LEADER | |
|---|---|
| campo de control de longitud fija | 00832nam a2200217 i 4500 |
| 001 - NÚMERO DE CONTROL | |
| campo de control | 72983 |
| 003 - IDENTIFICADOR DE NÚMERO DE CONTROL | |
| campo de control | ES-MaACL |
| 005 - FECHA Y HORA DE LA ÚLTIMA TRANSACCIÓN | |
| campo de control | 20250902221847.0 |
| 007 - CAMPO FIJO DE DESCRIPCIÓN FÍSICA--INFORMACIÓN GENERAL | |
| campo de control de longitud fija | t| |
| 008 - DATOS DE LONGITUD FIJA--INFORMACIÓN GENERAL | |
| campo de control de longitud fija | 040906s1949 ag ||||1| spa d |
| 100 1# - ENTRADA PRINCIPAL--NOMBRE DE PERSONA | |
| Nombre de persona | Goldenhorn, Simón. |
| 9 (RLIN) | 57656 |
| 245 10 - MENCIÓN DEL TÍTULO | |
| Título | Calculista de estructuras de hormigón armado, hierro y madera |
| Resto del título | : datos sobre construcciones, materiales de construcción / |
| Mención de responsabilidad, etc. | por Simón Goldenhorn. |
| 250 ## - MENCION DE EDICION | |
| Mención de edición | 6ª ed. |
| 260 ## - PUBLICACIÓN, DISTRIBUCIÓN, ETC. | |
| Lugar de publicación, distribución, etc. | Buenos Aires : |
| Nombre del editor, distribuidor, etc. | [s.n., |
| Fecha de publicación, distribución, etc. | 1949] ( |
| Fabricante | Talls. J.L. Rosso) |
| 300 ## - DESCRIPCIÓN FÍSICA | |
| Extensión | 635 p. : |
| Otras características físicas | il. ; |
| Dimensiones | 30 cm. |
| 650 #7 - PUNTO DE ACCESO ADICIONAL DE MATERIA--TÉRMINO DE MATERIA | |
| Término de materia o nombre geográfico como elemento de entrada | Estructuras de hormigón armado |
| Fuente del encabezamiento o término | embne |
| 9 (RLIN) | 164177 |
| 650 #7 - PUNTO DE ACCESO ADICIONAL DE MATERIA--TÉRMINO DE MATERIA | |
| Término de materia o nombre geográfico como elemento de entrada | Estructuras metálicas- |
| Subdivisión general | Diseño y construcción |
| Fuente del encabezamiento o término | |
| 9 (RLIN) | 164182 |
| 650 #7 - PUNTO DE ACCESO ADICIONAL DE MATERIA--TÉRMINO DE MATERIA | |
| Término de materia o nombre geográfico como elemento de entrada | Estructuras de madera- |
| Subdivisión general | Diseño y construcción |
| Fuente del encabezamiento o término | |
| 9 (RLIN) | 164183 |
| 852 ## - LOCALIZACIÓN | |
| Ubicación | ES-MaACL |
| Número de control de estantería | D-7041 |
| Sublocalización o colección | R.30494 |
| Estatus retirado | Estado de pérdida | Estado de daño | No para préstamo | Biblioteca de origen | Biblioteca actual | Ubicación en estantería | Fecha de adquisición | Fuente de adquisición | Total de préstamos | Signatura topográfica completa | Código de barras | Visto por última vez | Precio de reemplazo | Tipo de ítem Koha |
|---|---|---|---|---|---|---|---|---|---|---|---|---|---|---|
| Biblioteca del Ateneo de Madrid | Biblioteca del Ateneo de Madrid | Sala Valle Inclán | 17/01/2008 | D-7041 | 901076399 | 23/02/2023 | 23/02/2023 | Libro impreso |
